MARC details
| 000 -LEADER |
| campo de control de longitud fija |
01668nam a2200361 i 4500 |
| 001 - NÚMERO DE CONTROL |
| campo de control |
197815 |
| 003 - IDENTIFICADOR DE NÚMERO DE CONTROL |
| campo de control |
ES-MaACL |
| 005 - FECHA Y HORA DE LA ÚLTIMA TRANSACCIÓN |
| campo de control |
20251217170414.0 |
| 007 - CAMPO FIJO DE DESCRIPCIÓN FÍSICA--INFORMACIÓN GENERAL |
| campo de control de longitud fija |
ta |
| 008 - DATOS DE LONGITUD FIJA--INFORMACIÓN GENERAL |
| campo de control de longitud fija |
250910s2025 sp a|||| |||| 001 0 spa d |
| 017 ## - NÚMERO DE COPYRIGHT O DE DEPÓSITO LEGAL |
| Número de copyright o de depósito legal |
SE 1079-2025 |
| Agencia que asigna |
Oficina Depósito Legal Sevilla |
| 020 ## - NÚMERO INTERNACIONAL ESTÁNDAR DEL LIBRO |
| Número Internacional Estándar del Libro |
979-13-87552-68-8 |
| 040 ## - FUENTE DE CATALOGACIÓN |
| Lengua de catalogación |
spa |
| Centro/agencia transcriptor |
ES-MaACL |
| Centro catalogador/agencia de origen |
ES-MaACL |
| Normas de descripción |
rda |
| 080 ## - NÚMERO DE LA CLASIFICACIÓN DECIMAL UNIVERSAL |
| Número de la Clasificación Decimal Universal |
929 Campoamor, Clara |
| 080 ## - NÚMERO DE LA CLASIFICACIÓN DECIMAL UNIVERSAL |
| Número de la Clasificación Decimal Universal |
929-054.7(=1:460.13)"1936/75"(062.552) |
| 245 00 - MENCIÓN DEL TÍTULO |
| Título |
Siempre a la espera : |
| Resto del título |
Clara Campoamor y el exilio republicano en Suiza / |
| Mención de responsabilidad, etc. |
Juan Aguilera Sastre, Luis Español Bouché, Rosa Mª Capel Martínez, Natacha Crocoll, Carme Eberenz-Greoles, Sébastien Farré, Beatriz Ledesma Fdez. de Castillejo, Isabel Lizarraga Vizcarra, Cristina Rosario Martínez Torres, Maria Ojuel Solsona, Mariàngela Vilallonga; edición de Cristina Rosario Martínez Torres |
| 264 #1 - PRODUCCIÓN, PUBLICACIÓN, DISTRIBUCIÓN, FABRICACIÓN Y COPYRIGHT |
| Producción, publicación, distribución, fabricación y copyright |
Valencina de la Concepción, Sevilla : |
| Nombre del de productor, editor, distribuidor, fabricante |
Renacimiento, |
| Fecha de producción, publicación, distribución, fabricación o copyright |
D.L. 2025 |
| 264 #4 - PRODUCCIÓN, PUBLICACIÓN, DISTRIBUCIÓN, FABRICACIÓN Y COPYRIGHT |
| Producción, publicación, distribución, fabricación y copyright |
©2025 |
| 300 ## - DESCRIPCIÓN FÍSICA |
| Extensión |
323 páginas : |
| Otras características físicas |
ilustraciones ; |
| Dimensiones |
21 cm. |
| 336 ## - TIPO DE CONTENIDO |
| Fuente |
rdacontent |
| Término de tipo de contenido |
Texto |
| 337 ## - TIPO DE MEDIO |
| Fuente |
rdamedia |
| Nombre/término del tipo de medio |
sin mediación |
| 338 ## - TIPO DE SOPORTE |
| Fuente |
rdacarrier |
| Nombre/término del tipo de soporte |
volumen |
| 490 0# - MENCIÓN DE SERIE |
| Mención de serie |
Iluminaciones ; |
| Designación de volumen o secuencia |
183. |
| Nombre de parte o sección de la obra |
Filología, crítica y ensayo. |
| 504 ## - NOTA DE BIBLIOGRAFÍA, ETC. |
| Nota de bibliografía, etc. |
Bibliografía: páginas 322-323. Índice |
| 600 14 - PUNTO DE ACCESO ADICIONAL DE MATERIA--NOMBRE DE PERSONA |
| 9 (RLIN) |
34230 |
| Nombre de persona |
Campoamor, Clara, |
| Fechas asociadas al nombre |
1888-1972 |
| 650 #4 - PUNTO DE ACCESO ADICIONAL DE MATERIA--TÉRMINO DE MATERIA |
| 9 (RLIN) |
175748 |
| Término de materia o nombre geográfico como elemento de entrada |
Exilio- |
| Subdivisión general |
Historia. |
| Subdivisión geográfica |
España- |
| 700 1# - ENTRADA AGREGADA--NOMBRE PERSONAL |
| 9 (RLIN) |
242237 |
| Nombre de persona |
Martínez Torres, Cristina Rosario |
| Término indicativo de función/relación |
Editor literario |
| 852 ## - LOCALIZACIÓN |
| Ubicación |
ES-MaACL |
| Ubicación en estantería |
Depósito 1 |
| Número de control de estantería |
A-15875 |
| Encuadernación |
Encuadernación rústica con solapas |
| itemnumber |
206786 |
| 942 ## - ELEMENTOS DE ENTRADA SECUNDARIOS (KOHA) |
| Tipo de ítem Koha |
Libro impreso |
| Suprimir en OPAC |
No |